000 00577nam a2200229Ia 4500
003 OSt
005 20221007115727.0
006 a|||||r|||| 00| 0
007 ta
008 221006b |||||||| |||| 00| 0 eng d
024 _a37,976
037 _cTextual
040 _aLCO
_cLCO
_beng
041 _2eng
_aeng
082 _aZ2w, Q9
100 _aSEN Ronojoy
245 0 _aArticles of Faith
_b Religion, Secularism, and the Indian Supreme Court
260 _c2019
300 _a253
942 _hZ2w, Q9
_cTEXL
999 _c1207539
_d1207539